Demonstrating results (Record no. 220505)
[ view plain ]
| 000 -LEADER | |
|---|---|
| fixed length control field | 01802nam a2200409 a 4500 |
| 082 04 - DEWEY DECIMAL CLASSIFICATION NUMBER | |
| Classification number | 025.1 |
| 100 1# - MAIN ENTRY--AUTHOR NAME | |
| Personal name | Rubin, Rhea Joyce. |
| 245 10 - TITLE STATEMENT | |
| Title | Demonstrating results |
| 260 ## - PUBLICATION, DISTRIBUTION, ETC. (IMPRINT) | |
| Place of publication | Chicago : |
| Name of publisher | American Library Association, |
| Year of publication | c2006. |
| 300 ## - PHYSICAL DESCRIPTION | |
| Number of Pages | xvi, 160 p. : |
| Other physical details | ill. |
| 490 1# - SERIES STATEMENT | |
| Series statement | PLA results series |
| 505 0# - FORMATTED CONTENTS NOTE | |
| Formatted contents note | What, when, and why of outcome measurement -- Determine outcomes -- Make the outcomes measurable -- Design the data plan -- Prepare for implementation -- Make the most of your results. |
| 650 #0 - SUBJECT ADDED ENTRY--TOPICAL TERM | |
| Topical Term | Library planning. |
| Topical Term | Library planning |
| Topical Term | Public libraries |
| Topical Term | Public libraries |
| Topical Term | Public services (Libraries) |
| Topical Term | Public services (Libraries) |
| 856 40 - ELECTRONIC LOCATION AND ACCESS | |
| Uniform Resource Identifier | http://site.ebrary.com/lib/rucke/Doc?id=10194679 |
No items available.
